<?xml version="1.0" encoding="UTF-8"?>
<collection xmlns="http://www.loc.gov/MARC21/slim">
 <record>
  <leader>00506nam a22001695a 4500</leader>
  <controlfield tag="001">CEM.cems024259</controlfield>
  <controlfield tag="008">240822s2004####ag############000#0#und#d</controlfield>
  <controlfield tag="005">20240823100940.0</controlfield>
  <datafield tag="245" ind1="1" ind2="0">
   <subfield code="a">Leyenda del río Limay y el Neuquén.</subfield>
  </datafield>
  <datafield tag="250" ind1=" " ind2=" ">
   <subfield code="a">1a ed.</subfield>
  </datafield>
  <datafield tag="260" ind1=" " ind2=" ">
   <subfield code="a">Buenos Aires :</subfield>
   <subfield code="b">Producciones Mawis,</subfield>
   <subfield code="c">2004.</subfield>
  </datafield>
  <datafield tag="300" ind1=" " ind2=" ">
   <subfield code="a">8 p.</subfield>
  </datafield>
  <datafield tag="490" ind1="1" ind2=" ">
   <subfield code="a">Leyendas argentinas ;</subfield>
   <subfield code="v">15</subfield>
  </datafield>
  <datafield tag="020" ind1=" " ind2=" ">
   <subfield code="a">987916671X</subfield>
  </datafield>
  <datafield tag="653" ind1=" " ind2=" ">
   <subfield code="a">Leyendas</subfield>
  </datafield>
  <datafield tag="653" ind1=" " ind2=" ">
   <subfield code="a">Leyendas argentinas</subfield>
  </datafield>
  <datafield tag="859" ind1=" " ind2=" ">
   <subfield code="a">CEMS</subfield>
   <subfield code="b">BIB. CEMS - Inicial y Primaria</subfield>
   <subfield code="h">398.2</subfield>
   <subfield code="i">M449-8</subfield>
   <subfield code="k">IP</subfield>
   <subfield code="p">3073</subfield>
   <subfield code="t">Ej.1</subfield>
  </datafield>
 </record>
</collection>
